[Event "3rd Al Ain Chess Classic"]
[Site "Al-Ain UAE"]
[Date "2014.12.22"]
[Round "5.5"]
[White "Kovchan, Alexander"]
[Black "Shankland, Samuel L"]
[Result "1/2-1/2"]
[WhiteTitle "GM"]
[BlackTitle "GM"]
[WhiteElo "2569"]
[BlackElo "2642"]
[WhiteFideId "14103052"]
[BlackFideId "2004887"]
[EventDate "2014.12.19"]

1. e4 e5 2. Nf3 Nc6 3. Nc3 Nf6 4. d4 exd4 5. Nxd4 Bb4 6. Nxc6 bxc6 7. Bd3 O-O 8.
O-O d5 9. exd5 cxd5 10. h3 c6 11. Qf3 Re8 12. Bf4 Bd6 13. Rfe1 Be6 14. Be5 Bxe5
15. Rxe5 Qb8 16. Qg3 Nd7 17. Ree1 Nc5 18. b3 a5 19. Qe3 Qd6 20. Qd4 Bd7 21. Rad1
g6 22. h4 h5 23. g3 Rab8 24. Kg2 Bg4 25. Rc1 Re7 26. Rxe7 Qxe7 27. Qe3 1/2-1/2

[Event "3rd Al Ain Chess Classic"]
[Site "Al-Ain UAE"]
[Date "2014.12.22"]
[Round "5.6"]
[White "Gupta, Abhijeet"]
[Black "Nigalidze, Gaioz"]
[Result "0-1"]
[WhiteTitle "GM"]
[BlackTitle "GM"]
[WhiteElo "2632"]
[BlackElo "2536"]
[WhiteFideId "5010608"]
[BlackFideId "13603078"]
[EventDate "2014.12.19"]

1. d4 d5 2. c4 dxc4 3. Nf3 c5 4. e3 cxd4 5. Bxc4 Qc7 6. Bb3 e6 7. O-O Nf6 8.
exd4 Be7 9. Nc3 Nc6 10. Bg5 O-O 11. Rc1 Rd8 12. Qe2 h6 13. Be3 a6 14. Rfd1 Bd6
15. h3 Qe7 16. a3 Bd7 17. Ne5 Rac8 18. Nxd7 Rxd7 19. d5 exd5 20. Nxd5 Nxd5 21.
Rxd5 Be5 22. Rxd7 Qxd7 23. Qh5 Bxb2 24. Rc5 Nd8 25. Rd5 Qe7 26. Bxh6 gxh6 27.
Qg4+ Kf8 28. Qxc8 Qe1+ 29. Kh2 Be5+ 30. Rxe5 Qxe5+ 31. g3 Ke7 32. Qc1 Qd6 33. a4
Kf8 34. Qe3 Kg7 35. a5 Nc6 36. Qb6 Qd2 37. Ba4 Nxa5 38. Kg1 Qe1+ 39. Kh2 Qd2 40.
Kg1 Qd5 41. Qb2+ f6 42. Qb4 Nc4 43. Bb3 b5 44. Qe7+ Qf7 45. Qe4 h5 46. Bc2 a5
47. Qh7+ Kf8 48. Qh6+ Ke7 49. Bg6 Qe6 50. Qxh5 Qe5 51. Qf3 a4 52. Qb7+ Kd6 53.
Qa6+ Kc5 54. h4 a3 55. h5 Qb2 56. Qa7+ Kb4 57. Qe7+ Kb3 58. Bf7 a2 59. Bxc4+
bxc4 60. Qb7+ Kc2 61. Qe4+ Kd1 62. Qg4+ Qe2 63. Qd4+ Qd3 64. Qa7 Qb1 65. Qd4+
Ke2+ 66. Kh2 a1=Q 67. Qe3+ Kf1 68. Qf3 Qd1 69. Qg2+ Ke1 70. Qe4+ Kxf2 0-1

[Event "3rd Al Ain Chess Classic"]
[Site "Al-Ain UAE"]
[Date "2014.12.22"]
[Round "5.7"]
[White "Gasanov, Eldar"]
[Black "Areshchenko, Alexander"]
[Result "1/2-1/2"]
[WhiteTitle "GM"]
[BlackTitle "GM"]
[WhiteElo "2526"]
[BlackElo "2666"]
[WhiteFideId "14104466"]
[BlackFideId "14109530"]
[EventDate "2014.12.19"]

1. d4 Nf6 2. c4 g6 3. f3 d5 4. cxd5 Nxd5 5. e4 Nb6 6. Nc3 Bg7 7. Be3 O-O 8. Qd2
Nc6 9. O-O-O Qd6 10. Nb5 Qd7 11. Bh6 Bxh6 12. Qxh6 a6 13. Nc3 Nxd4 14. f4 f6 15.
Nf3 e5 16. fxe5 fxe5 17. Nxe5 Qd6 18. Nf3 c5 19. Ng5 Qe7 20. Nd5 Nxd5 21. Bc4
Kh8 22. Bxd5 Qg7 23. Qxg7+ Kxg7 24. Rdf1 Bd7 25. Bxb7 Bb5 1/2-1/2

[Event "3rd Al Ain Chess Classic"]
[Site "Al-Ain UAE"]
[Date "2014.12.22"]
[Round "5.8"]
[White "Rahman, Ziaur"]
[Black "Vidit, Santosh Gujrathi"]
[Result "1/2-1/2"]
[WhiteTitle "GM"]
[BlackTitle "GM"]
[WhiteElo "2511"]
[BlackElo "2625"]
[WhiteFideId "10200037"]
[BlackFideId "5029465"]
[EventDate "2014.12.19"]

1. Nf3 c5 2. b3 Nf6 3. Bb2 Nc6 4. e3 e6 5. g3 b6 6. Bg2 Ba6 7. d3 d5 8. O-O Be7
9. c4 O-O 10. Nc3 Rc8 11. Qe2 Qc7 12. Rfd1 Rfd8 13. Rac1 Qb8 14. Qe1 Nb4 15. a3
Nc6 16. Rb1 Rc7 17. cxd5 Nxd5 18. Nxd5 exd5 19. d4 c4 20. bxc4 Bxc4 21. h4 Qc8
22. Kh2 Na5 23. Bh3 Qa6 24. Rdc1 b5 25. Nd2 Bd6 26. Ra1 Nb3 27. Nxb3 Bxb3 28.
Rxc7 Bxc7 1/2-1/2

[Event "3rd Al Ain Chess Classic"]
[Site "Al-Ain UAE"]
[Date "2014.12.22"]
[Round "5.9"]
[White "Abasov, Nijat"]
[Black "Miroshnichenko, Evgenij"]
[Result "1/2-1/2"]
[WhiteTitle "GM"]
[BlackTitle "GM"]
[WhiteElo "2509"]
[BlackElo "2618"]
[WhiteFideId "13402960"]
[BlackFideId "14102595"]
[EventDate "2014.12.19"]

1. e4 c5 2. Nf3 Nc6 3. Bb5 g6 4. O-O Bg7 5. Re1 e5 6. Bxc6 dxc6 7. d3 Ne7 8. Be3
b6 9. h3 h6 10. c3 O-O 11. d4 exd4 12. cxd4 cxd4 13. Bxd4 c5 14. Bxg7 Qxd1 15.
Rxd1 Kxg7 16. Nc3 Be6 17. Rd6 Rfc8 18. Ne5 g5 19. Rad1 Kf6 20. Ng4+ Kg7 21. Ne5
Kf6 22. Ng4+ Kg7 1/2-1/2

[Event "3rd Al Ain Chess Classic"]
[Site "Al-Ain UAE"]
[Date "2014.12.22"]
[Round "5.10"]
[White "Bajarani, Ulvi"]
[Black "Sandipan, Chanda"]
[Result "0-1"]
[WhiteTitle "GM"]
[BlackTitle "GM"]
[WhiteElo "2494"]
[BlackElo "2599"]
[WhiteFideId "13403028"]
[BlackFideId "5004225"]
[EventDate "2014.12.19"]

1. e4 e5 2. Nf3 Nc6 3. Bb5 g6 4. d4 exd4 5. Bg5 Be7 6. Bxe7 Qxe7 7. Bxc6 dxc6 8.
Qxd4 Nf6 9. Nc3 Bg4 10. Nd2 c5 11. Qe3 O-O-O 12. h3 Be6 13. O-O-O Nd7 14. f4 Nb6
15. Rhe1 Rd4 16. Nf3 Rxd1+ 17. Rxd1 Re8 18. e5 f6 19. Ne4 fxe5 20. Nxe5 Bd5 21.
Nxc5 Bxg2 22. Ncd7 Nxd7 23. Rxd7 Qh4 24. Rd2 Qxh3 25. Qxa7 b6 26. Qa4 Rd8 27.
Qa6+ Bb7 28. Rxd8+ Kxd8 29. Qc4 Qh1+ 30. Kd2 Bd5 31. Qd3 Kc8 32. c4 Be4 33. Qd7+
Kb7 34. c5 Qg2+ 35. Ke3 Bf5 36. c6+ Ka6 37. Qxc7 Qe4+ 38. Kd2 Qxf4+ 39. Ke1 Qc1+
40. Kf2 Qxb2+ 41. Kg3 Qa3+ 42. Kf4 Qc1+ 43. Kf3 Qh1+ 44. Kf2 Qh4+ 45. Kf3 Qe4+
46. Kf2 Qd4+ 47. Ke2 Kb5 48. Qg7 Bd3+ 49. Kd2 Be4+ 50. Ke2 Bxc6 51. a4+ Kxa4 52.
Qa7+ Kb3 53. Nxc6 Qe4+ 54. Kd2 Qc2+ 55. Ke3 Qxc6 56. Qxh7 b5 57. Qf7+ Ka3 58.
Qg7 Qe6+ 59. Kd2 b4 60. Qa7+ Kb3 61. Qc5 Qc4 62. Qe3+ Qc3+ 63. Kd1 Ka3 64. Qb6
g5 65. Qa6+ Kb3 66. Qe6+ Qc4 67. Qe3+ Kb2 68. Qf2+ Ka1 69. Qf6+ Qc3 70. Qxg5 b3
71. Qg6 b2 72. Qa6+ Kb1 73. Qa7 Qd3+ 74. Ke1 Kc2 75. Qf2+ Kc1 76. Qc5+ Qc2 77.
Qe3+ Kb1 78. Qa7 Qd3 79. Qc5 Ka2 80. Qa7+ Kb3 81. Qb6+ Kc2 82. Qf2+ Kc3 83. Qf6+
Qd4 84. Qf3+ Kc2 85. Qg2+ Kb3 86. Qg8+ Qc4 0-1

[Event "3rd Al Ain Chess Classic"]
[Site "Al-Ain UAE"]
[Date "2014.12.22"]
[Round "5.11"]
[White "Volkov, Sergey"]
[Black "Mammadov, Zaur"]
[Result "1-0"]
[WhiteTitle "GM"]
[BlackTitle "IM"]
[WhiteElo "2599"]
[BlackElo "2505"]
[WhiteFideId "4122763"]
[BlackFideId "13401033"]
[EventDate "2014.12.19"]

1. d4 d5 2. c4 c6 3. Nf3 Nf6 4. e3 Bf5 5. Nc3 e6 6. Nh4 Be4 7. f3 Bg6 8. Qb3 Qc7
9. g3 Nbd7 10. Bd2 Be7 11. Kf2 dxc4 12. Bxc4 Bh5 13. Rac1 Rd8 14. Ng2 e5 15.
Rhd1 O-O 16. Be2 exd4 17. exd4 Nb6 18. Nf4 Qd7 19. Be3 Rfe8 20. d5 Nbxd5 21.
Ncxd5 Nxd5 22. Rxd5 cxd5 23. Bb5 Qf5 24. Bxe8 d4 25. Bd2 Rxe8 26. Qxb7 Bg6 27.
Qxa7 d3 28. Qe3 Qb5 29. a4 Qxa4 30. Nxg6 hxg6 31. Qxd3 Bf6 32. Bc3 Qa7+ 33. Kg2
Re3 34. Qd2 Qe7 35. Rc2 Re6 36. Bb4 Qb7 37. Bc5 Qb3 38. Bf2 Re8 39. Qd7 Rd8 40.
Qc7 Rb8 41. Ba7 Ra8 42. Qc6 Rd8 43. Re2 Bxb2 44. Qb6 Qxb6 45. Bxb6 1-0

[Event "3rd Al Ain Chess Classic"]
[Site "Al-Ain UAE"]
[Date "2014.12.22"]
[Round "5.12"]
[White "Parligras, Mircea-Emilian"]
[Black "Sagar, Shah"]
[Result "1-0"]
[WhiteTitle "GM"]
[WhiteElo "2580"]
[BlackElo "2468"]
[WhiteFideId "1204297"]
[BlackFideId "5022509"]
[EventDate "2014.12.19"]

1. d4 Nf6 2. c4 e6 3. Nf3 Bb4+ 4. Nbd2 O-O 5. a3 Be7 6. e4 d5 7. e5 Nfd7 8. Bd3
c5 9. h4 g6 10. h5 cxd4 11. Qc2 Nc5 12. Be2 d3 13. Bxd3 Nxd3+ 14. Qxd3 a5 15.
Qe3 Nc6 16. Qh6 g5 17. Rh3 f6 18. Rg3 Kh8 19. Nh4 Rf7 20. Ng6+ Kg8 21. Nxe7+
Nxe7 22. exf6 Nf5 23. Qxg5+ Kh8 24. Nf3 Nxg3 25. Ne5 Qxf6 26. Nxf7+ Qxf7 27.
fxg3 Qg7 28. Qd8+ Qg8 29. Qh4 Qg7 30. Bg5 Qe5+ 31. Kf1 Qf5+ 32. Kg1 Kg8 33. Rf1
Qe4 34. Bh6 1-0

[Event "3rd Al Ain Chess Classic"]
[Site "Al-Ain UAE"]
[Date "2014.12.22"]
[Round "5.13"]
[White "Shyam, Sundar M."]
[Black "Kravtsiv, Martyn"]
[Result "0-1"]
[WhiteTitle "GM"]
[BlackTitle "GM"]
[WhiteElo "2484"]
[BlackElo "2576"]
[WhiteFideId "5019141"]
[BlackFideId "14113147"]
[EventDate "2014.12.19"]

1. e4 e5 2. Nf3 Nc6 3. Bb5 a6 4. Ba4 Nf6 5. d3 d6 6. c4 g6 7. Nc3 Bg7 8. h3 O-O
9. Bg5 h6 10. Be3 Ne7 11. Qd2 Kh7 12. d4 exd4 13. Nxd4 c6 14. Bc2 b5 15. cxb5
axb5 16. b4 c5 17. bxc5 b4 18. Na4 Rxa4 19. Bxa4 Nxe4 20. Qc2 dxc5 21. Qxe4 cxd4
22. Bd2 Ba6 23. f3 Nf5 24. Kf2 d3 25. g3 Bb7 26. Qxb7 Qd4+ 27. Kg2 Qe5 28. Qe4
Qxg3+ 29. Kf1 Bxa1 30. Qxd3 Rd8 31. Qxd8 Qxf3+ 32. Ke1 Qxh1+ 33. Ke2 Nd4+ 0-1

[Event "3rd Al Ain Chess Classic"]
[Site "Al-Ain UAE"]
[Date "2014.12.22"]
[Round "5.14"]
[White "Baryshpolets, Andrey"]
[Black "Babujian, Levon"]
[Result "0-1"]
[WhiteTitle "GM"]
[BlackTitle "GM"]
[WhiteElo "2566"]
[BlackElo "2471"]
[WhiteFideId "14117207"]
[BlackFideId "13301993"]
[EventDate "2014.12.19"]

1. d4 Nf6 2. c4 e6 3. g3 c5 4. d5 exd5 5. cxd5 b5 6. e4 Nxe4 7. Qe2 Qe7 8. Bg2
Nd6 9. Be3 Na6 10. Nc3 b4 11. Na4 Bb7 12. Nh3 g6 13. O-O Bh6 14. Nf4 Bxf4 15.
gxf4 O-O 16. f5 Rae8 17. Rac1 c4 18. Rfd1 Qh4 19. Qf1 Nxf5 20. Bxa7 Nd6 21. Nb6
c3 22. Nxd7 cxb2 23. Rb1 Nc7 24. Qd3 Nxd5 25. Bxd5 Qg4+ 26. Kf1 Qxd7 27. Bc5 Re5
28. Bxd6 Rxd5 29. Qg3 Qb5+ 30. Kg1 Rd8 0-1

[Event "3rd Al Ain Chess Classic"]
[Site "Al-Ain UAE"]
[Date "2014.12.22"]
[Round "5.15"]
[White "Paichadze, Luka"]
[Black "Bakre, Tejas"]
[Result "1/2-1/2"]
[WhiteTitle "GM"]
[BlackTitle "GM"]
[WhiteElo "2561"]
[BlackElo "2454"]
[WhiteFideId "13602934"]
[BlackFideId "5004195"]
[EventDate "2014.12.19"]

1. e4 c5 2. c3 d5 3. exd5 Qxd5 4. d4 Nf6 5. Nf3 Bg4 6. Be2 e6 7. O-O Nc6 8. Na3
cxd4 9. Nb5 Rc8 10. Nbxd4 Nxd4 11. Nxd4 Bxe2 12. Qxe2 Be7 13. Rd1 a6 14. Bf4 O-O
15. Be5 Qe4 16. Bxf6 Qxe2 17. Nxe2 Bxf6 18. Rd7 Rb8 19. Rad1 Rfd8 20. Ng3 Kf8
21. Ne4 Rxd7 22. Rxd7 Be7 23. Kf1 Ke8 24. Rd3 Rd8 25. Ke2 f5 26. Nd2 1/2-1/2

[Event "3rd Al Ain Chess Classic"]
[Site "Al-Ain UAE"]
[Date "2014.12.22"]
[Round "5.16"]
[White "Abdyjapar, Asyl"]
[Black "Malakhatko, Vadim"]
[Result "1/2-1/2"]
[WhiteTitle "IM"]
[BlackTitle "GM"]
[WhiteElo "2385"]
[BlackElo "2533"]
[WhiteFideId "13800337"]
[BlackFideId "14104202"]
[EventDate "2014.12.19"]

1. d4 e6 2. c4 Bb4+ 3. Bd2 a5 4. Nf3 Nf6 5. g3 d6 6. Bg2 Nbd7 7. Nc3 Bxc3 8.
Bxc3 Ne4 9. Qc2 Nxc3 10. Qxc3 O-O 11. O-O Qe7 12. e4 e5 13. Rad1 Re8 14. Rfe1 b6
15. b3 Bb7 16. a3 Nf6 17. d5 c5 18. dxc6 Bxc6 19. Qd3 Red8 20. a4 Ne8 21. Nd2
Nc7 22. Nb1 Ne6 23. Nc3 Nd4 24. Ne2 Ne6 25. Nc3 Nd4 26. Ne2 Ne6 27. Qe3 Rab8 28.
Rd2 Nc5 29. Red1 Kf8 30. f3 Kg8 31. Bh3 Kf8 32. Rb2 Kg8 33. Nc3 Kf8 34. Kf2 h6
35. Bf5 Kg8 36. Bg4 Kf8 37. h4 Kg8 38. Ke2 Kf8 39. Kd2 Kg8 40. Kc2 Kf8 41. Kb1
Kg8 42. Ka2 Kf8 43. Rbd2 Kg8 44. Bf5 Kf8 45. Rg1 Kg8 46. Rh2 g6 47. Bh3 Kg7 48.
h5 g5 49. Rd2 Kh8 50. Bf5 Kg7 51. Nd5 Bxd5 52. Rxd5 f6 53. f4 1/2-1/2

[Event "3rd Al Ain Chess Classic"]
[Site "Al-Ain UAE"]
[Date "2014.12.22"]
[Round "5.17"]
[White "Mamedov, Rauf"]
[Black "Soumya, Swaminathan"]
[Result "1-0"]
[WhiteTitle "GM"]
[BlackTitle "WGM"]
[WhiteElo "2658"]
[BlackElo "2330"]
[WhiteFideId "13401653"]
[BlackFideId "5016193"]
[EventDate "2014.12.19"]

1. g3 Nf6 2. Bg2 d5 3. d3 g6 4. Nd2 Bg7 5. e4 dxe4 6. dxe4 e5 7. Ngf3 Nc6 8. O-O
O-O 9. b3 Qe7 10. Qe2 Bg4 11. c3 Rfd8 12. h3 Bc8 13. b4 a6 14. a4 b6 15. Ba3 Bb7
16. b5 Qe8 17. bxc6 Bxc6 18. Bb2 Nd7 19. a5 Nc5 20. Ba3 Na4 21. Bb4 Bd7 22. axb6
cxb6 23. Qe3 a5 24. Ba3 Rdc8 25. Rfc1 b5 26. Nb3 1-0

[Event "3rd Al Ain Chess Classic"]
[Site "Al-Ain UAE"]
[Date "2014.12.22"]
[Round "5.18"]
[White "Sokolov, Ivan"]
[Black "Lazarev, Vladimir"]
[Result "1/2-1/2"]
[WhiteTitle "GM"]
[BlackTitle "GM"]
[WhiteElo "2645"]
[BlackElo "2387"]
[WhiteFideId "14400030"]
[BlackFideId "4113250"]
[EventDate "2014.12.19"]

1. d4 Nf6 2. c4 e6 3. Nc3 Bb4 4. e3 d5 5. a3 Be7 6. Nf3 O-O 7. b4 a5 8. b5 c5 9.
bxc6 bxc6 10. c5 Nbd7 11. Rb1 e5 12. dxe5 Ne4 13. Qc2 Nxc3 14. Qxc3 Nxc5 15. Qc2
f6 16. exf6 Rxf6 17. Nd4 Qf8 18. f3 Rg6 19. Rb6 Bd7 20. Bd2 Ne6 21. Nxe6 Rxe6
22. Bd3 g6 23. Kf2 Bxa3 24. h4 Qc5 25. Rhb1 Rae8 26. Rb8 Qxc2 27. Bxc2 Bc5 28.
Rxe8+ Rxe8 29. Rb7 Bf5 30. Ba4 Rc8 31. Bc3 Bf8 32. Ra7 h5 33. Rxa5 Be7 34. g3
Kf7 35. Be5 Ke6 36. Bf4 Bd6 37. e4 dxe4 38. Bb3+ Kd7 39. fxe4 Bxe4 40. Ra7+ Rc7
41. Be6+ Kxe6 42. Rxc7 Bxc7 43. Bxc7 c5 44. Ke3 Kd5 45. Kd2 Kc4 46. Bd6 Bf5 47.
Be7 Kd4 48. Bf6+ Ke4 49. Kc3 Be6 50. Bd8 Ke5 1/2-1/2

[Event "3rd Al Ain Chess Classic"]
[Site "Al-Ain UAE"]
[Date "2014.12.22"]
[Round "5.19"]
[White "Lupulescu, Constantin"]
[Black "Khademalsharieh, Sarasadat"]
[Result "1-0"]
[WhiteTitle "GM"]
[BlackTitle "WGM"]
[WhiteElo "2640"]
[BlackElo "2378"]
[WhiteFideId "1207822"]
[BlackFideId "12512214"]
[EventDate "2014.12.19"]

1. Nf3 Nf6 2. c4 e6 3. Nc3 Bb4 4. Qc2 O-O 5. a3 Bxc3 6. Qxc3 b6 7. e3 Bb7 8. Be2
d6 9. O-O Nbd7 10. b4 Qe7 11. Bb2 c5 12. Rfe1 Rac8 13. Rac1 Rfd8 14. h3 Rc7 15.
d3 Nf8 16. d4 Rdc8 17. Nd2 Ng6 18. Bf1 Ne8 19. e4 cxd4 20. Qxd4 Qf6 21. a4 Bc6
22. a5 Qxd4 23. Bxd4 bxa5 24. bxa5 e5 25. Bb2 Bb7 26. Ba3 Nf4 27. Rb1 Ne6 28.
Rb2 Nc5 29. Bxc5 dxc5 30. Nb1 Kf8 31. Nc3 Bc6 32. f3 Rb7 33. Rxb7 Bxb7 34. Kf2
Bc6 35. Rb1 Rc7 36. Rb8 Rb7 37. Rc8 Rc7 38. Rxc7 Nxc7 39. Nb5 Ne6 40. Nxa7 Bb7
41. Be2 Ke7 42. Bd1 Nd4 43. Ba4 f6 44. h4 Kd8 45. Ke3 Ba6 46. Kd3 Bb7 47. Ke3
Ba6 48. Kd3 Bb7 49. h5 Ne6 50. g3 Nd4 51. f4 f5 52. exf5 e4+ 53. Kd2 Nxf5 54.
Nc6+ Kc7 55. g4 e3+ 56. Kd3 e2 57. Kd2 Ne3 58. Ne5 Ng2 59. Kxe2 Nxf4+ 60. Ke3
Ne6 61. Bc2 Ng5 62. Nd3 Kd6 63. Nf2 Ke5 64. Ba4 Ne6 65. Bb5 Nd4 66. a6 Ba8 67.
Ba4 Ne6 68. Bc2 Ng5 69. Bf5 h6 70. Bc2 Bc6 71. Bb1 Ba8 72. Bf5 Bc6 73. Nd3+ Kd6
74. a7 Ba8 75. Nf2 Ke5 76. Nd3+ Kd6 77. Nf2 Ke5 78. Bc2 Bb7 79. Ba4 Nf7 80. Nd3+
Kd6 81. Kf4 Ng5 82. Bd1 Ba8 83. Ne1 Kc7 84. Bf3 Nxf3 85. Nxf3 Kb6 86. Ne5 Kxa7
87. Kf5 1-0

[Event "3rd Al Ain Chess Classic"]
[Site "Al-Ain UAE"]
[Date "2014.12.22"]
[Round "5.20"]
[White "Mchedlishvili, Mikheil"]
[Black "Mammadova, Gulnar"]
[Result "1-0"]
[WhiteTitle "GM"]
[BlackTitle "WGM"]
[WhiteElo "2625"]
[BlackElo "2354"]
[WhiteFideId "13600966"]
[BlackFideId "13403508"]
[EventDate "2014.12.19"]

1. d4 d5 2. c4 c6 3. Nf3 Nf6 4. Nc3 e6 5. Bg5 Nbd7 6. e3 Be7 7. Qc2 O-O 8. Rd1
Re8 9. a3 dxc4 10. Bxc4 Nd5 11. Bf4 Nf8 12. O-O Ng6 13. Bg3 b5 14. Nxd5 exd5 15.
Bd3 Qb6 16. Rc1 Bb7 17. Ne5 Bd6 18. Nxf7 Bxg3 19. fxg3 Rxe3 20. Bxg6 hxg6 21.
Qxg6 Qxd4 22. Kh1 Qe4 23. Nh6+ Kh8 24. Nf5 1-0

[Event "3rd Al Ain Chess Classic"]
[Site "Al-Ain UAE"]
[Date "2014.12.22"]
[Round "5.21"]
[White "Pashikian, Arman"]
[Black "Morchiashvili, Bachana"]
[Result "1/2-1/2"]
[WhiteTitle "GM"]
[BlackTitle "IM"]
[WhiteElo "2617"]
[BlackElo "2337"]
[WhiteFideId "13301578"]
[BlackFideId "13602535"]
[EventDate "2014.12.19"]

1. d4 Nf6 2. Nf3 e6 3. c4 b6 4. g3 Ba6 5. b3 Bb4+ 6. Bd2 Be7 7. Nc3 d5 8. cxd5
exd5 9. Bg2 O-O 10. O-O c6 11. Bc1 Nbd7 12. Bb2 Re8 13. Rc1 Bb4 14. Rc2 Qe7 15.
Qc1 Qf8 16. Re1 Ne4 17. Bf1 Rad8 18. e3 Bb7 19. Rd1 f5 20. Ne2 Bd6 21. Bg2 g5
22. Ne1 g4 23. Nf4 Qf7 24. h4 Nf8 25. Ned3 Ng6 26. b4 Qe7 27. a3 Rc8 28. Re1 Qd7
29. Bf1 Qe7 30. Bg2 Qd7 31. Bf1 Qe7 1/2-1/2

[Event "3rd Al Ain Chess Classic"]
[Site "Al-Ain UAE"]
[Date "2014.12.22"]
[Round "5.22"]
[White "Moskalenko, Viktor1"]
[Black "Abdumalik, Zhansaya"]
[Result "1-0"]
[WhiteTitle "GM"]
[BlackTitle "WGM"]
[WhiteElo "2528"]
[BlackElo "2332"]
[WhiteFideId "14100100"]
[BlackFideId "13703544"]
[EventDate "2014.12.19"]

1. e4 e5 2. Nf3 Nc6 3. Nc3 Nf6 4. d4 exd4 5. Nxd4 Bb4 6. Nxc6 bxc6 7. Bd3 d5 8.
exd5 cxd5 9. O-O O-O 10. h3 c6 11. Qf3 Be6 12. Bf4 Bd6 13. Ne2 Bxf4 14. Nxf4 Qd6
15. Rfe1 Rab8 16. b3 Rfe8 17. Qg3 Nd7 18. Re3 Qf8 19. Rae1 Nc5 20. Nh5 Nxd3 21.
Nf6+ Kh8 22. Nxe8 Rxe8 23. cxd3 Rc8 24. d4 Qb4 25. Qe5 a5 26. f4 Rg8 27. f5 Bc8
28. f6 g6 29. Qe7 Be6 30. Qxb4 axb4 31. Rc1 Rc8 32. Re2 h6 33. h4 Kh7 34. Rc5 h5
35. Re5 Ra8 36. Rc2 Ra6 37. Kh2 Kg8 38. Kg3 Kf8 39. Kf4 Ke8 40. Kg5 Kd7 41. Kh6
Kd6 42. Kg7 c5 43. Rxc5 Rxa2 44. Rb5 Rxg2 45. Rb6+ Kd7 46. Rbxe6 1-0

[Event "3rd Al Ain Chess Classic"]
[Site "Al-Ain UAE"]
[Date "2014.12.22"]
[Round "5.23"]
[White "Grover, Sahaj"]
[Black "Firouzja, Alireza"]
[Result "1-0"]
[WhiteTitle "GM"]
[WhiteElo "2505"]
[BlackElo "2332"]
[WhiteFideId "5021103"]
[BlackFideId "12573981"]
[EventDate "2014.12.19"]

1. d4 Nf6 2. c4 e6 3. Nf3 b6 4. a3 Bb7 5. Nc3 d5 6. cxd5 exd5 7. Bg5 Be7 8. e3
Nbd7 9. Bd3 O-O 10. O-O Ne4 11. Bf4 c5 12. Qc2 cxd4 13. Nxd4 Ndc5 14. Nxe4 dxe4
15. Bc4 Bd6 16. Ne2 Bxf4 17. Nxf4 Rc8 18. Qe2 Qf6 19. Rad1 Na4 20. Rd4 Nxb2 21.
Bd5 Nd3 22. Nh5 Qe7 23. Qg4 g6 24. Rxe4 Qc7 25. Qg5 Bxd5 26. Nf6+ Kg7 27. Rh4
Rh8 28. Nxd5 Qe5 29. Qh6+ Kg8 30. Rd4 Nc1 31. Kh1 Nb3 32. Rdd1 Nc5 33. f4 Qg7
34. Qg5 f5 35. Ne7+ Kf7 36. Nxc8 Rxc8 37. Rd5 Re8 38. Rfd1 Qf6 39. Qh6 Kg8 40.
Re5 Rd8 41. Rxd8+ Qxd8 42. h3 Ne4 43. Kh2 Kh8 44. Re6 Kg8 45. Rc6 b5 46. Re6 a5
47. Ra6 Nd6 48. Ra7 Nf7 49. Rxf7 Kxf7 50. Qxh7+ Ke6 51. Qxg6+ Kd5 52. Qxf5+ Kc6
53. Qc2+ Kb6 54. Qg6+ Kc5 55. e4 b4 56. axb4+ axb4 57. e5 b3 58. e6 Qd6 59. Qf5+
Kb6 60. Qe4 1-0

[Event "3rd Al Ain Chess Classic"]
[Site "Al-Ain UAE"]
[Date "2014.12.22"]
[Round "5.24"]
[White "Ankit, R. Rajpara"]
[Black "Pourkashiyan, Atousa"]
[Result "1-0"]
[WhiteTitle "GM"]
[BlackTitle "WGM"]
[WhiteElo "2494"]
[BlackElo "2312"]
[WhiteFideId "5023335"]
[BlackFideId "12502014"]
[EventDate "2014.12.19"]

1. d4 Nf6 2. c4 e6 3. Nf3 Bb4+ 4. Nbd2 O-O 5. a3 Be7 6. e4 d5 7. e5 Nfd7 8. Bd3
c5 9. h4 g6 10. h5 cxd4 11. Qc2 Nc5 12. cxd5 Nxd3+ 13. Qxd3 Qxd5 14. Ne4 Nc6 15.
Nfg5 Qxe5 16. f4 Qf5 17. hxg6 fxg6 18. Nxh7 Rf7 19. Nhg5 Bxg5 20. fxg5 b6 21.
Rh4 Ne5 22. Qh3 Qf1+ 23. Kd2 Kf8 24. a4 Ba6 25. Rh8+ Ke7 26. Qa3+ 1-0

[Event "3rd Al Ain Chess Classic"]
[Site "Al-Ain UAE"]
[Date "2014.12.22"]
[Round "5.25"]
[White "Vijayalakshmi, Subbaraman"]
[Black "Arun Prasad, S."]
[Result "0-1"]
[WhiteTitle "IM"]
[BlackTitle "GM"]
[WhiteElo "2329"]
[BlackElo "2482"]
[WhiteFideId "5004098"]
[BlackFideId "5011167"]
[EventDate "2014.12.19"]

1. b3 Nf6 2. Bb2 e6 3. e3 c5 4. Ne2 b6 5. d4 Bb7 6. Nbc3 d5 7. Qd2 Nbd7 8. f3 h5
9. O-O-O a6 10. Kb1 Qc7 11. g3 b5 12. dxc5 Bxc5 13. Bg2 Nb6 14. Nc1 O-O-O 15.
N3e2 h4 16. Nf4 e5 17. Bh3+ Kb8 18. Ng2 d4 19. e4 hxg3 20. hxg3 Be7 21. Ne1 Nc4
22. bxc4 bxc4 23. Qe2 c3 24. Ba1 a5 25. a4 Rd6 26. Nb3 Rb6 27. Nd3 Bc6 28. Bg2
Rd8 29. f4 Bxa4 30. Nxe5 Qb7 31. Nc4 Rxb3+ 32. cxb3 Qxb3+ 33. Kc1 Bb5 34. Bxc3
Qxc3+ 35. Qc2 Qxc4 36. Qxc4 Bxc4 37. e5 Ng4 38. Rd2 Bb4 0-1

[Event "3rd Al Ain Chess Classic"]
[Site "Al-Ain UAE"]
[Date "2014.12.22"]
[Round "5.26"]
[White "Abdulla, Khayala"]
[Black "Das, Sayantan"]
[Result "0-1"]
[WhiteTitle "WIM"]
[BlackTitle "IM"]
[WhiteElo "2299"]
[BlackElo "2444"]
[WhiteFideId "13401807"]
[BlackFideId "5034426"]
[EventDate "2014.12.19"]

1. e4 e6 2. d4 d5 3. Nc3 Bb4 4. Ne2 Ne7 5. a3 Ba5 6. Bg5 f6 7. Be3 O-O 8. b4 Bb6
9. Nf4 c6 10. Bd3 e5 11. Nfe2 Kh8 12. Na4 dxe4 13. Bxe4 f5 14. Nxb6 axb6 15. Bd3
f4 16. Bd2 f3 17. gxf3 exd4 18. Bf4 c5 19. Rg1 Nd5 20. Be5 Rf7 21. Qc1 Nc6 22.
Qh6 Qg8 23. Qh5 Nxe5 24. Qxe5 Re7 25. Qg5 Be6 26. Kd2 Rae8 27. Rg3 Qf8 28. Rag1
Bg8 29. Rh3 Rxe2+ 0-1